00722 2200253 4500001002100000005001500021035002000036007000300056008004100059020002200100082001100122084001700133100003000150245006400180250001000244300003300254650001800287700003100305264004600336336002100382337003000403338002300433990001200456INLIS00000000000044920250729100649 a0010-0725000021ta250729 0 ind  a978-623-164-307-0 a155.25 a155.25 AYE b0 aAyesha NadeeraePengarang1 aBerdamai Dengan Masa Depan yang Tak Pasti /cAyesha Nadeera acet 1 a160 halaman :bilus ;c20 cm 4aMotivasi Diri0 aHerman AdamsonePenyunting aYogyakarta :bAnak Hebat Indonesia,c2023 2rdacontentateks 2rdamediaatanpa perantara 2rdacarrieravolume a25.0378